000 00597nam a2200217Ia 4500
001 14897
003 GE_BSU
008 181216s||||||||xx |||||||||||||| ||und||
040 _cGE_BSU
080 _a517(075.8)
100 _aБермант,А.Ф.
245 _aКурс математического анализа. ч.2
250 _a6-е изд.
260 _aМосква
260 _bГостехиздат
260 _c1955
300 _a358стр.22см.
300 _eБиблиогр. стр.354
653 _aКурс математического анализа
942 _cBK
999 _c48017
_d48017